| 000 | 01097nam a2200253Ia 4500 | ||
|---|---|---|---|
| 003 | Ost | ||
| 005 | 20260507075433.0 | ||
| 008 | 260507s9999||||xx |||||||||||||| ||und|| | ||
| 020 | _a9773750943 | ||
| 040 | _cfsecg | ||
| 041 | _aara | ||
| 082 | _a341 | ||
| 100 |
_aحسن على، طرح البحور _eمؤلف |
||
| 245 | 0 |
_aعقود المستهلكين الدولية ما بين قضاء التحكيم والقضاء الوطني / _c طرح البحور حسن على |
|
| 260 |
_aالاسكندرية: _bدار الفكر الجامعي, _c2007 |
||
| 300 |
_a260 صفحة؛ _bإيضاحات ؛ _c25 سم |
||
| 504 | _aببليوغرافيا: ص.245-253 | ||
| 520 | _aذاتية علاقات الاستهلاك والقواعد الحاكمة لها، نطاتق تطبيق الفانون الدولي الخاص للمستهلكين، المحكمة المتخصصة بالفصل في منازعات المستهلكين | ||
| 653 | _aالتحكيم | ||
| 653 | _aالعقود | ||
| 653 | _aالقانون الدولي | ||
| 653 | _aالمستهلكون | ||
| 942 | _cكتاب | ||
| 999 |
_c44524 _d44524 |
||